000 00703cab a2200229 4500
001 X2608
008 090401t1987 xxu||||| |||| 00| 0 eng d
035 _a(Sirsi) u25292
041 _aeng
100 _aStewart, A.
245 _aCost tracking
260 _c1987
350 _a0
490 _aBuilding
_v252(7503) 3 July 1987, 56-57(2)
520 _aReports on how quantity surveyors Gleeds has developed its own software to process the vast amount of data generated in a fast track contract.
650 _aBUILT ENVIRONMENT-BUILDING COSTS
650 _aCOMPUTERS
650 _aFAST TRACK CONSTRUCTION
690 _aBUILDING AND CONSTRUCTION-COMPUTERS
942 _n0
948 _c04/03/1997
999 _c16978
_d16978